00367nam a2200121Ia 4500008004100000245003000041245001500071260000900086650001000095856004800105999001900153952007300172171211s9999 xx 000 0 und d aEl Camino Hacia La Cumbre cPaul Keres c1999 xGAMES uhttp://down.ebook777.com/054/8479022272.pdf c348943d348943 001040aCLbCLd2017-12-11l0r2017-12-11 00:00:00w2017-12-11yCBE